ბათუმის შოთა რუსთაველის სახელმწიფო უნივერსიტეტის ბიბლიოთეკა

ბუნება საქართველოს მხარეთმცოდნეობის მუზეუმებში : (ბიბ.ჩანაწერი № 37770)

000 -ლიდერი
ფიქსირებული სიგრძის საკონტროლო ველი 01346nam a2200217Ia 4500
001 - საკონტროლო ნომერი
საკონტროლო ველი 3747
003 - საკონტროლო ნომრის იდენტიფიკატორი
საკონტროლო ველი GE_BSU
005 - ბოლო ოპერაციის თარიღი და დრო
საკონტროლო ველი 20190812150235.0
008 - ფიქსირებული სიგრძის მონაცემთა ელემენტები - ზოგადი ინფორმაცია
ფიქსირებული სიგრძის საკონტროლო ველი 181216s1983||||ge |||||||||||||| ||geo||
040 ## - კატალოგიზაციის წყარო
Transcribing agency GE_BSU
041 ## - ენის კოდი
Language code of text/sound track or separate title geo
080 ## - უნივერსალური ათობითი კლასიფიკაციის ინდექსი
Universal Decimal Classification number 069(479.22) ძ–49
100 ## - მთავარი ჩანაწერი - პიროვნების სახელი
Personal name ძველაია, მირიან
9 (RLIN) 3510
245 ## - ცნობა სათაურის შესახებ
Title ბუნება საქართველოს მხარეთმცოდნეობის მუზეუმებში :
Remainder of title მასალები, ზოგიერთი მეთოდ. მითითება /
Statement of responsibility, etc საქ. სსრ მეცნ. აკადემია. დ. დავითაშვილის სახ. პალეობიოლოგიის ინ-ტი.
264 ## - წარმოების, გამოცემის, დისტრიბუციის და სხვა ცნობები
გამოცემის, წარმოების, დისტრიბუციის... ადგილი თბილისი :
გამოცემის, წარმოების, დისტრიბუციის... სახელწოდება მეცნიერება,
გამოცემის, წარმოების, დისტრიბუციის... თარიღი 1983.
300 ## - ფიზიკური აღწერა
Extent 107 გვ.
Other physical details 17 სმ.
504 ## - BIBLIOGRAPHY, ETC. NOTE
Bibliography, etc ბიბლიოგრ.: გვ. 108
653 ## - INDEX TERM--UNCONTROLLED
Uncontrolled term საქართველოს მხარეთმცოდნეობის მუზეუმები - ბუნების ამსახველი კოლექციები
710 ## - ADDED ENTRY--CORPORATE NAME
Corporate name or jurisdiction name as entry element საქ. სსრ მეცნ. აკადემია.
Subordinate unit დ. დავითაშვილის სახ. პალეობიოლოგიის ინ-ტი.
9 (RLIN) 3511
942 ## - ADDED ENTRY ELEMENTS (KOHA)
Koha item type წიგნი
Source of classification or shelving scheme
ეგზემპლარები
ჩამოწერის სტატუსი დაკარგული ეგზემპლარის სტატუსი კლასიფიკაციის წყარო ან თაროზე გაწყობის სქემა დაზიანების სტატუსი არ გაიცემა მუდმივი მდებარეობა (დაცვის ადგილი) ამჟამინდელი ადგილსამყოფელი თაროზე განთავსების ადგილი შეძენის თარიღი ღირებულება, შესყიდვის ნორმალური ფასი სრული შენახვის შიფრი შტრიხკოდი ბოლო ოპერაციის თარიღი ეგზემპლარის მიმდევრობითი ნომერი (კეტერი?) ფასის ძალაში შესვლის თარიღი ეგზემპლარის სახეობა საჯარო შენიშვნა
          ბათუმის შოთა რუსთაველის სახელმწიფო უნივერსიტეტის მთავარი ბიბლიოთეკა ბათუმის შოთა რუსთაველის სახელმწიფო უნივერსიტეტის მთავარი ბიბლიოთეკა წიგნსაცავი 2018-12-17 1.00 069(479.22) ძ–49 5376 2018-12-17 5376 2018-12-17 წიგნი 1 ლ.